000 00745 a2200169 4500
003 Nust
005 20251008151158.0
020 _a0862279836
040 _cNust
082 _a030,FUN
100 _aAnne Mckie
245 _aThe fun to learn pictures encyclopedia /
_cAnne Mckie
505 _aThe Solar System (Page-8), The Earth (Page-11), Life Begins on Earth (Page-24), Plants (Page-30), Insects (Page-36), Birds (Page-40), Life in the Seas and Oceans (Page-44), Amphibians and Reptiles (Page-48), Mammals (Page-51), Early Humans (Page-57), Transport (Page-70), Ships and Boats (Page-76), Communication (Page-84), The Journey into Space (Page-90).
600 _aAnne Mckie
_9131003
650 _aThe fun to learn
_9131004
942 _2ddc
_cBK
999 _c178942
_d178942